书目信息 |
| 题名: |
苦口保健话良药
|
|
| 作者: | 袁颖 编著 | |
| 分册: | ||
| 出版信息: | 天津 天津科学技术出版社 2005.07 |
|
| 页数: | 287页 | |
| 开本: | 21cm | |
| 丛书名: | 中国寿文化丛书 | |
| 单 册: | ||
| 中图分类: | R282 | |
| 科图分类: | ||
| 主题词: | 中草药--zhong cao yao--基本知识 | |
| 电子资源: | ||
| ISBN: | 7-5308-3749-4 | |
| 000 | 00904nam 2200241 450 | |
| 001 | 012007493614 | |
| 005 | 20070924094130.60 | |
| 010 | @a7-5308-3749-4@dCNY20.50 | |
| 100 | @a20070812d2005 km y0chiy0120 ea | |
| 101 | 0 | @achi |
| 102 | @aCN@b120000 | |
| 105 | @aa z 000yy | |
| 200 | 1 | @a苦口保健话良药@Aku kou bao jian hua liang yao@f袁颖编著@Fyuan ying bian zhu |
| 210 | @a天津@c天津科学技术出版社@d2005.07 | |
| 215 | @a287页@c图@d21cm | |
| 225 | 2 | @a中国寿文化丛书@Azhong guo shou wen hua cong shu |
| 330 | @a本书选择了一些常用于养生保健的中药,既有以补益为主的药物,也有祛邪疗病的药物,以介绍中药的药性、功效、主治为主,结合这些药物的现代研究和使用方法,并推荐了一些实用便方和保健食疗方供读者自行选用。 | |
| 410 | 0 | @12001 @a中国寿文化丛书 |
| 606 | 0 | @a中草药@Azhong cao yao@x基本知识 |
| 690 | @aR282@v4 | |
| 701 | 0 | @a袁颖@Ayuan ying@4编著 |
| 801 | 0 | @aCN@c20070924 |
| 905 | @dR282@eY922 | |
| 苦口保健话良药/袁颖编著.-天津:天津科学技术出版社,2005.07 |
| 287页:图;21cm.-(中国寿文化丛书) |
| ISBN 7-5308-3749-4:CNY20.50 |
| 本书选择了一些常用于养生保健的中药,既有以补益为主的药物,也有祛邪疗病的药物,以介绍中药的药性、功效、主治为主,结合这些药物的现代研究和使用方法,并推荐了一些实用便方和保健食疗方供读者自行选用。 |
| ● |
| 相关链接 |
|
|
|
正题名:苦口保健话良药
索取号:R282/Y922
 
预约/预借
| 序号 | 登录号 | 条形码 | 馆藏地/架位号 | 状态 | 备注 |
| 1 | 257449 | 202574491 | 自科库401/401自科库 12排2列2层/ [索取号:R282/Y922] | 在馆 | |
| 2 | 257450 | 202574507 | 自科库401/401自科库 12排2列2层/ [索取号:R282/Y922] | 在馆 | |
| 3 | 257451 | 202574516 | 自科库401/401自科库 12排2列2层/ [索取号:R282/Y922] | 在馆 |